| 000 | 01155nam a2200301 i 4500 | ||
|---|---|---|---|
| 001 | 16567 | ||
| 003 | ES-MaACL | ||
| 005 | 20260115063023.0 | ||
| 007 | t| | ||
| 008 | 001017s1998 sp ||||0| spa | ||
| 020 | _a84-493-0184-X | ||
| 080 | _a32(081) Arendt, Hannah | ||
| 100 | 1 |
_aArendt, Hannah, _d1906-1975 _9242687 |
|
| 245 | 1 | 0 |
_aDe la historia a la acción / _cHannah Arendt ; introducción de Manuel Cruz ; [traducción de Fina Birulés]. |
| 250 | _a1ª ed. | ||
| 260 |
_aBarcelona : _bPaidós Ibérica : _bI.C.E. de la Universidad Autónoma de Barcelona, _c1998. |
||
| 300 |
_a171 p. ; _c20 cm. |
||
| 490 | 1 |
_aPensamiento contemporáneo ; _v38 |
|
| 600 | 1 | 4 |
_aArendt, Hannah, _d1906-1975- _xCrítica e interpretación _922615 |
| 650 | 4 |
_aHistoria- _xFilosofía. _913380 |
|
| 650 | 4 |
_aPolítica- _xFilosofía- _yS.XX. _916279 |
|
| 700 | 1 |
_aCruz Rodríguez, Manuel. _941845 |
|
| 700 | 1 |
_aBirulés Bertrán, Josefina. _928992 |
|
| 710 | 2 |
_aUniversidad de Barcelona. _bInstituto de Ciencias de la Educación. _97153 |
|
| 830 | 1 |
_aPensamiento contemporáneo ; _v38 _9179725 |
|
| 852 |
_aES-MaACL _jL-23711 |
||
| 999 |
_c16567 _d16567 |
||